000 00514nam a22001697a 4500
005 20251108173203.0
008 250721s9999 xx 000 0 ara d
082 1 4 _a940.2/عاش
100 1 _aعاشور، سعيد عبدالفتاح
245 1 0 _aتاريخ أوروبا في العصور الوسطى /
264 1 _aبيروت :
_bدار النهضة العربية،
300 _a363 ص
650 1 7 _aتاريخ أروبا
650 1 7 _aالعصور الوسطى
942 _2ddc
_cBK
999 _c98074
_d98074